Culture Générale - Série 1813 - Statistiques

Statistiques générales
  • Ce quiz a été pris 130 fois
  • Le résultat moyen est 6 sur 10
Statistiques - réponses
Question Réponse % Correct
Dans le roman de Pierre Choderlos de Laclos, de 1782, comment sont les "Liaisons" ? dangereuses
95%
Qui a peint "Les nymphéas", une série de 250 tableaux, en s'inspirant de son jardin à Giverny ? Claude Monet
87%
Dans quel pays peut-on trouver la ville de Tcheliabinsk ? Russie
75%
Qui a écrit "Andromaque" en 1667 ? Jean Racine
72%
La strelitzia est un genre de plantes ornementales connue sous le nom de "oiseau de .... paradis
66%
Quel pays a pour capitale Gaborone ? Botswana
53%
Quel État des États-Unis a pour capitale Montgomery ? Alabama
46%
Dans quel département français se trouve la commune de Giverny ? Eure
40%
Quelle rivière, affluent du Danube, arrose la ville allemande de Munich ? Isar
25%
Sous quel pseudonyme connaissait-on mieux Henri Charrière (1906-1973) ? Papillon
21%
Aucun quiz correspondant
Distribution des résultats
% des personnes avec chaque résultat
Percentile par nombre de réponses
Votre historique - résultats
Vous n’avez pas pris ce quiz